Quizzes
Events
Quiz Creation
Community
Videos
Private Events
Remove Ads
Sign In
Join for FREE
Feedback
Dark Mode
Quiz Categories
Sports
Geography
Music
Movies
Television
Just For Fun
Miscellaneous
History
Literature
Language
Science
Gaming
Entertainment
Religion
Holiday
For Kids
Quiz Lab
Recent
Popular Today
Quiz Kudos Today
Editor Picks
Curator Picks
Quizzes by...
Day
Popularity
Type
Ratings
Length
Year
Community
Subscriptions
Recent Discussions
Orange Saloon
Badges
Playlists
Quests
Create
Leaderboards
Showdown
Live 5
Trivia Bingo
Activity
Puzzle Library
Sporcle Events
Private Events
Virtual Trivia
Globe League
Become a Host
Pub Owners
SporcleCon
Opinionation
Our Games
Videos
Blog
Mobile Apps
Partnerships
Remove Ads and Go Orange
Feedback
Geography
Country
Landmarks
City
State
Population
World
Capital
Continent
Flags
Europe
Africa
Asia
South America
North America
Oceania
Border
Canada
United Kingdom
Topography
United States
Geography
Country
Landmarks
City
State
Population
World
Capital
Continent
Flags
Europe
Africa
Asia
South America
North America
Oceania
Border
Canada
United Kingdom
Topography
United States
Random Quiz
Search Sporcle
×
Quiz Lab
Quiz Lab
Geography
City
Type in answers that appear in a list
Type in answers that appear in a list
Classic
Best Score? Go Orange.
UK Postcode Towns Stats
Can you name the UK places with the following postcodes?
By
mountaindude
15m
121 Questions
1,373 Plays
1,373 Plays
1,373 Plays
Comments
Comments
Give Quiz Kudos
Give Quiz Kudos
-
- Ratings
hide this ad
Replay
Link that replays current quiz
Next Quiz
Link to next quiz in quiz playlist
You Got
0%
They Got
Avg Score
64%
Avg Friend Score
Upgrade to see
Score Distribution
Jump to the score distribution portion of the page
Score
0/121
Timer
15:00
1
Play Today
Postcode
Town/City
% Correct
B
Birmingham
94.5%
AB
Aberdeen
93.9%
CF
Cardiff
90.5%
BS
Bristol
90.4%
M
Manchester
89.7%
L
Liverpool
89.4%
G
Glasgow
88.3%
E
London East
87.5%
OX
Oxford
87.4%
LS
Leeds
87.3%
N
London North
87.3%
W
London West
87%
CV
Coventry
86.8%
EX
Exeter
86.8%
SE
London South East
86.5%
SW
London South West
86.4%
EH
Edinburgh
86%
SO
Southampton
85.9%
NW
London North West
85.7%
PO
Portsmouth
85.6%
IP
Ipswich
85.3%
EC
London East Central
84.9%
WC
London West Central
84.6%
CB
Cambridge
84.6%
NE
Newcastle upon Tyne
84.6%
YO
York
84.3%
BN
Brighton
83.2%
NG
Nottingham
82.9%
LE
Leicester
82.7%
DE
Derby
82.6%
MK
Milton Keynes
82.2%
HU
Hull
81.6%
BD
Bradford
81.4%
PL
Plymouth
80.8%
IV
Inverness
80.8%
NR
Norwich
80.5%
S
Sheffield
80.4%
CH
Chester
80.2%
SA
Swansea
79.5%
BA
Bath
78.2%
GL
Gloucester
77.5%
Postcode
Town/City
% Correct
RG
Reading
77.1%
WV
Wolverhampton
77.1%
LU
Luton
77.1%
TQ
Torquay
76.9%
DD
Dundee
73.5%
NN
Northampton
73.5%
BH
Bournemouth
73.3%
PE
Peterborough
72.6%
BT
Belfast
72.5%
LN
Lincoln
72.3%
FY
Blackpool
72.2%
CO
Colchester
72%
PR
Preston
71.3%
HX
Halifax
69.9%
BB
Blackburn
69.6%
DN
Doncaster
68.7%
CA
Carlisle
68.5%
GU
Guildford
68.2%
ST
Stoke on Trent
67.6%
HD
Huddersfield
66.6%
CM
Chelmsford
66.3%
NP
Newport
65.8%
LA
Lancaster
65.7%
TR
Truro
65.3%
SR
Sunderland
63.5%
CT
Canterbury
63.4%
BL
Bolton
63.3%
EN
Enfield
62.9%
FK
Falkirk and Stirling
62.6%
SL
Slough
62.6%
SN
Swindon
62.4%
OL
Oldham
61.7%
WR
Worcester
61.3%
CR
Croydon
60.5%
ME
Rochester
60.2%
DH
Durham
60%
HR
Hereford
59.7%
AL
St Albans
58.3%
WD
Watford
58%
DL
Darlington
57.1%
SS
Southend on Sea
56.7%
Postcode
Town/City
% Correct
UB
Southall
56.3%
TF
Telford
55.5%
TA
Taunton
54.3%
LL
Llandudno
54%
CW
Crewe
54%
PH
Perth
53.5%
WN
Wigan
52.8%
SK
Stockport
52.7%
WF
Wakefield
51.9%
RM
Romford
51.2%
HG
Harrogate
51.1%
WA
Warrington
51.1%
SY
Shrewsbury
50.2%
SP
Salisbury Plain
47.5%
WS
Walsall
45.7%
HA
Harrow
44.1%
DA
Dartford
43.8%
TW
Twickenham
43.3%
DY
Dudley
43.2%
KT
Kingston upon Thames
41.7%
BR
Bromley
39.8%
DG
Dumfries and Galloway
38.7%
PA
Paisley
38.6%
TN
Tonbridge
38.2%
HP
Hemel Hempstead
38.1%
SG
Stevenage
37.8%
DT
Dorchester
36.5%
ZE
Lerwick
35.9%
IG
Ilford
35.1%
RH
Redhill
34.7%
SM
Sutton
32.9%
KW
Kirkwall
31.6%
KY
Kirkcaldy
31.3%
ML
Motherwell
31.3%
HS
Outer Hebrides
28.7%
KA
Kilmarnock
26.9%
TS
Cleveland
25.9%
LD
Llandrindod Wells
21%
TD
Galashiels
16.6%
Quiz Playlist
Details
Report
Send in Message
Add To Playlist
Classic:
Type in answers that appear in a list
Last Updated: Feb 18, 2019
Quiz Scoreboard
CHALLENGE
Sign Up to Join the Scoreboard
Show All
Scores
Hide
Comments
May contain spoilers
Recently Published
Presidents Visiting Landmarks
by Hejman
History
7m
An Introduction to Baseball
by treessimontrees
Sports
5m
Movies - When Are They Set?
by FPL_Elf
Movies
5m
More to Explore
Quiz From the Vault
Featured Blog Post
Where Did the Easter Bunny Come From?
hide this ad
You Might Also Like...
Tags
City Quiz
place
Postal Abbreviations
postcode
Town
UK
UK Cities
Today's Top Quizzes in Geography
Browse Geography
hide this ad
Today's Top Quizzes in City
Browse City
Top Contributed Quizzes in Geography
1
Countries of the World - No Outlines Minefield
2
Top 25 Cities of France on a map
3
Any capital of a 'B' country per Continent
4
Closest Countries to UK A-Z
5
Any capital of a 'C' country per Continent
6
One Thing in Common: United Kingdom
7
Any capital of a 'D' country per Continent
8
5-to-1: US Geography No Hints
9
Any capital of an 'E' country per Continent
10
Find the Provinces of Canada - No Outlines Minefield
Explore More
Trending Topics
Kpop
Crossword
Marvel
Disney
NBA
Anime
Harry Potter
Country
Soccer
Puzzle
Pokémon
NFL
The Office
WWE
Song
hide this ad
More By:
mountaindude
Quiz
Plays
Rating
Category
Featured
Created
Coastal Towns of Great Britain
1,411
4.50
Geography
Feb 5, 2010
UK Postcode Towns
1,373
4.50
Geography
Dec 12, 2009
UK Mountains
1,080
3.50
Geography
Oct 1, 2009
Best Selling Cars by Make
466
1.25
Miscellaneous
Mar 3, 2010
Coastal Cities of the Americas
425
1.93
Geography
Feb 5, 2010
Go to Creator's Profile
Score Distribution
Quiz Creator Spotlight
mountaindude
Follow
Send a Message
Quizzes Created
-
Created Quiz Play Count
-
More By This Creator
Popular Quizzes Today
1
Find the US States - No Outlines Minefield
2
Find the Countries of Europe - No Outlines Minefield
3
The Countries of the World
4
Find the US States
5
Popular People in 1961
6
US States
7
Risky Map Clicking: Biggest States A-Z
8
Movies - When Are They Set?
More Geography Quizzes
Top 20 Cities of the Philippines on a Map
Published
Trending Quizzes
Risky Map Clicking: Least Populous States A-Z
1-10 Letter G Words
1-10 Letter F Words
Risky Map Clicking: Next State Alphabetically
Risky Map Clicking: Biggest States A-Z
Recently Updated
Leaping Animals
pecheneg
Reality TV Shows (A-Z)
bhenderson79
Rickey Henderson's Hall of Fame Teammates
pecheneg
Champions League XIs: Arsenal
pecheneg
Quick Pick: Celebrities in WWE's Hall of Fame
aduchscher
A-Z Keypad Blitz II
pecheneg
Multiple Oscar Actors
pecheneg
Mystery Phrase Blitz: Oscar 'Best Actors'
pecheneg
F. Scott Fitzgerald Novels
LTH
Pick 3 Villains
ddd62291
Trending Topics
Disney
NBA
Kpop
Anime
Crossword
Marvel
Harry Potter
Song
WWE
The Office
Pokémon
Soccer
NFL
Country
Puzzle
Your Account Isn't Verified!
In order to create a playlist on Sporcle, you need to verify the email address you used during registration. Go to your
Sporcle Settings
to finish the process.
Report this User
Report this user for behavior that violates our
Community Guidelines
.
Details:
Send Report
Go to the Sporcle.com Mobile Site →
Comments